000 00613cam a22002291 4500
001 sa 68012539
003 DLC
005 20260227112611.0
008 940729s1968 ii 000 0 urdo
010 _asa 68012539
025 _aPL480:I-U-2405
035 _a(OCoLC)30853786
040 _aDLC
_cCU
_dCU
_dDLC
042 _apremarc
050 0 0 _aD199.3
_b.A38
100 1 _aAlavi, Mohammad Sufyan,
_d1944-
245 1 0 _aMag̲h̲rib kī bedārī kā Islāmī pas-i manẓar.
260 _c[1968]
300 _a116 p. (p. 116 advertisement)
_c19 cm.
500 _aIn Urdu.
650 0 _aIslamic civilization.
999 _c84580
_d84580